000 00570nmm a2200181Ia 4500
008 251105s9999||||xx |||||||||||||||||und||
020 _a9788433906274
041 _aspa
100 _aZulaika, Jaime
245 0 _aEl estado de la unión :
_b Un matrimonio en diez partes
264 _a[Madrid, España] :
_bEditorial Anagrama,
_c[Fecha de publicación no identificada]
300 _a0 páginas
490 _aPanorama de narrativas
700 _aZulaika, Jaime
700 1 _a Hornby, Nick
856 _uhttps://public.digitaliapublishing.com/a/161031
942 _cCF
999 _c72868
_d72868